000 01915ngm a22003012a 4500
005 20250312141516.0
007 vd cvaizk
008 241217s2024 352 ## v eng d
024 _a683904636423
_q (videorecording)
040 _aCTMMSN
_beng
_erda
_cCTMMSN
092 _amovie nonfiction
_b791.45 Icons
245 0 0 _aIcons Unearthed: Marvel
_h[videorecording].
264 _a[Place of publication not identified?]:
_bMill Creek,
_c2025
264 _aOld Saybrook, Connecticut :
_bwww.micromarketing.org
300 _a[3 videodisc (approximately 352 minutes)?] :
_bsound, color;
_c4 3/4 in.
336 _atwo-dimensional moving image
337 _avideo
338 _avideodisc
500 _a[Typographic symbols and accents removed for systems compatibility.]
500 _aWidescreen edition.
520 _aThe Marvel Cinematic Universe is the most successful franchise of all time and it has changed the way movies are made. Taking a cue from their comic book source material, these films tell different characters' stories that all take place in one massive, interwoven universe. Each film would introduce one key protagonist, building toward the release of one giant blockbuster, The Avengers, that would put them all together. If a single one of those films failed at the box office, it could derail what may be the biggest gamble ever taken in the history of cinema. How did Marvel pull it off? Director: Brian Volk-Weiss. Starring: Lou Ferrigno, Clark Gregg, J. Michael Straczynski, Todd MacFarlane, Mark Millar, Zack Stentz. Mill Creek; 683904636423; 3 Disc(s); 352 min; DOCUMENTARY, Marvel, Superhero; NR; 01/14/25
521 _aRating: NR.
538 _aDVD, color, widescreen, NTSC.
650 7 _aDocumentaries
_2bisacsh
_95803517
655 _aVideo recordings.
_2lcgft
710 _aMill Creek
_96536730
942 _2ddc
_cBLU-RAY
999 _c403271
_d403271